Análisis teórico y empírico de los seguros ambientales en Argentina (Registro nro. 28811)

Detalles MARC
000 -LEADER
fixed length control field 00444 a2200133 4500
001 - CONTROL NUMBER
control field ART_24043
005 - DATE AND TIME OF LATEST TRANSACTION
control field 20260410161933.0
008 - FIXED-LENGTH DATA ELEMENTS--GENERAL INFORMATION
fixed length control field 260409a
100 1# - MAIN ENTRY--PERSONAL NAME
Personal name Vigier, Hernán
245 10 - TITLE STATEMENT
Title Análisis teórico y empírico de los seguros ambientales en Argentina
700 1# - ADDED ENTRY--PERSONAL NAME
Personal name Pesce, Gabriela
700 1# - ADDED ENTRY--PERSONAL NAME
Personal name Durán, Regina
773 0# - HOST ITEM ENTRY
Title Revista de Economía Política de Buenos Aires
Related parts - Año 6, Nº 11 (mayo 2012)
Record control number REV23982

No hay ítems disponibles.